| 000 | 01334cad a22002295a 4500 | ||
|---|---|---|---|
| 001 | L141426 | ||
| 008 | 071123e20071122xxkdo f s 000 0 eng d | ||
| 020 | _a9781851128877 | ||
| 035 | _a(Sirsi) u141426 | ||
| 041 | 0 | _aeng | |
| 050 | 0 | 4 | _a690.025 $2 18 |
| 245 | 0 | 4 |
_aThe Calcutt review of housebuilding delivery _h[electronic resource] |
| 260 |
_aLondon _bThe Callcutt Review _c2007 |
||
| 520 | _aExamines how the nature of the UK housebuilding industry is influencing the supply of new homes. Gives an overview of the industry's structure, addressing its business models and how land, materials and skills relate to its supply chain. Considers how these factors will influence delivery of the Government's housing targets in terms of number of homes, sustainability and energy efficiency. Makes recommendation regarding business models, land supply, supply potential, infrastructure, regulation, skills supply and environmental and sustainability issues. | ||
| 590 | _aKA NTK | ||
| 650 | 2 | 4 | _aPLANNING POLICY STATEMENT 3 |
| 650 | 2 | 4 | _aTOWN AND COUNTRY PLANNING ACT 1990 |
| 651 | 4 |
_aUnited Kingdom _y |
|
| 690 | _aPROPERTY-RESIDENTIAL PROPERTY-RESIDENTIAL PROPERTY DEVELOPMENT | ||
| 856 | 4 | 0 |
_uhttps://callcutt.idnet.net/downloads/callcuttreview_221107.pdf _zView the review free of charge at callcuttreview.co.uk |
| 942 | _n0 | ||
| 999 |
_c107658 _d107658 |
||